00950naa a22002537a 4500001001000000003000900010005001700019007000300036008003400039040005400073041000900127072001900136100002000155100001600175111008900191245007900280260003400359500012300393650001300516650001500529650002100544650001100565773012000576BR9400183BR-BrBNA20240918181051.0ta230509b bl.||||| |||| 00| 0 por d aBR-BrBNAbporcBiblioteca Nacional de Agricultura a(Pt) aN20; P11b46301 aFernandes, H.C.1 aSouza, L.C.1 a22. Congresso Brasileiro de Engenharia AgricolacIlheus, BA (Brazil)d19-23 Jul 19931 aDeterminacao do rendimento das principais maquinas em trabalhos de varzeas3 aIlheus, BA (Brasil): c1993.  a22. Congresso Brasileiro de Engenharia Agricola. Anais Ilheus, BA (Brasil): 1993. v. 3 p. 1789-1799 (BR9400183-AM)N20  aDrenagem aRendimento aMaquina Agricola aVarzea0 t22. Congresso Brasileiro de Engenharia Agricola. AnaiswN20 BR9400183gIlheus, BA (Brasil), 1993. v. 3 p. 1789-1799